| 000 | 00913nam a2200277 a 4500 | ||
|---|---|---|---|
| 001 | 35266 | ||
| 003 | BD-RjUL | ||
| 005 | 20211209052305.0 | ||
| 008 | 140522r20051999ii a b 001 0 eng d | ||
| 020 | _a0761993088 (c) | ||
| 020 | _a0761993096 (pbk. ) | ||
| 035 | _a(BD-RjUL)35360 | ||
| 040 |
_aDLC _cDLC _dDLC _dBD-RjUL _beng |
||
| 041 | _aeng | ||
| 082 | 0 | 0 |
_a307.1412 _221 _bSIR 2005 |
| 100 | 1 |
_aSingh, Katar, _d1939- _9103808 |
|
| 245 | 1 | 0 |
_aRural development : _bprinciples, policies, and management / _cby Katar Singh. |
| 250 | _a2nd ed. | ||
| 260 |
_aNew Delhi ; _aThousand Oaks, Calif. : _bSage, _c1999 [reprinted 2005]. |
||
| 300 |
_a353 p. : _bill. ; _c22 cm. |
||
| 504 | _aIncludes bibliographical references (p. [336]-344) and index. | ||
| 650 | 0 |
_aRural development. _9107444 |
|
| 650 | 0 |
_aRural development projects _zIndia _xCase studies. _913395 |
|
| 942 |
_2ddc _cBK |
||
| 999 |
_c35266 _d35266 |
||